[Event "V Open Escacs Xàtiva"]
[Site "Xàtiva, Spain"]
[Date "2019.07.17"]
[Round "4.10"]
[White "Gomar Juan, Miguel"]
[Black "Roca Cruz, Rafael"]
[Result "1-0"]
[WhiteElo "1779"]
[BlackElo "1880"]
[PlyCount "93"]
[EventDate "2019.??.??"]

1. d4 {[%clk 01:30:56]  [%emt 00:00:41]} 1... b5 {[%clk 01:30:58]} 2. e4 {
[%clk 01:31:02]} 2... Bb7 {[%clk 01:31:27]} 3. Bd3 {
[%clk 01:31:05]  [%emt 00:00:18]} 3... Nf6 {[%clk 01:31:50]  [%emt 00:00:45]}
4. Qe2 {[%clk 01:31:06]} 4... e6 {[%clk 01:30:36]  [%emt 00:01:36]} 5. Nf3 {
[%clk 01:30:22]  [%emt 00:01:15]} 5... a6 {[%clk 01:30:59]  [%emt 00:00:08]} 6.
O-O {[%clk 01:28:31]  [%emt 00:02:19]} 6... d6 {
[%clk 01:30:01]  [%emt 00:01:27]} 7. d5 {[%clk 01:25:01]  [%emt 00:04:00]} 7...
e5 {[%clk 01:27:59]  [%emt 00:02:31]} 8. Bxb5+ {
[%clk 01:23:51]  [%emt 00:01:40]} 8... axb5 {[%clk 01:22:13]  [%emt 00:06:26]}
9. Qxb5+ {[%clk 01:23:59]  [%emt 00:00:12]} 9... Nfd7 {
[%clk 01:19:39]  [%emt 00:03:05]} 10. Qxb7 {[%clk 01:22:56]  [%emt 00:01:32]}
10... Na6 {[%clk 01:15:19]  [%emt 00:04:51]} 11. Qb3 {
[%clk 01:20:29]  [%emt 00:03:00]} 11... Be7 {[%clk 01:12:06]  [%emt 00:03:40]}
12. c4 {[%clk 01:20:11]  [%emt 00:00:47]} 12... O-O {
[%clk 01:11:37]  [%emt 00:01:27]} 13. Nc3 {[%clk 01:18:19]  [%emt 00:01:54]}
13... f5 {[%clk 01:07:18]  [%emt 00:04:49]} 14. exf5 {
[%clk 01:18:23]  [%emt 00:00:27]} 14... Rxf5 {[%clk 01:07:33]  [%emt 00:00:15]}
15. Ne4 {[%clk 01:16:39]  [%emt 00:02:45]} 15... Nac5 {
[%clk 01:07:01]  [%emt 00:00:52]} 16. Qc2 {[%clk 01:10:45]  [%emt 00:06:06]}
16... Nxe4 {[%clk 00:59:03]  [%emt 00:08:23]} 17. Qxe4 {
[%clk 01:11:03]  [%emt 00:00:43]} 17... g6 {[%clk 00:58:59]  [%emt 00:00:06]}
18. Qe2 {[%clk 01:05:00]  [%emt 00:06:57]} 18... Qf8 {
[%clk 00:54:44]  [%emt 00:04:18]} 19. Bd2 {[%clk 00:59:56]  [%emt 00:05:37]}
19... Qg7 {[%clk 00:52:00]  [%emt 00:03:12]} 20. b4 {
[%clk 00:56:31]  [%emt 00:04:04]} 20... Raf8 {[%clk 00:52:14]  [%emt 00:00:06]}
21. a4 {[%clk 00:54:41]  [%emt 00:02:20]} 21... g5 {
[%clk 00:48:44]  [%emt 00:04:26]} 22. Rae1 {[%clk 00:52:25]  [%emt 00:02:21]}
22... R8f7 {[%clk 00:31:43]  [%emt 00:17:39]} 23. Be3 {
[%clk 00:45:40]  [%emt 00:07:06]} 23... Rxf3 {[%clk 00:25:47]  [%emt 00:06:25]}
24. gxf3 {[%clk 00:45:25]  [%emt 00:00:45]} 24... e4 {
[%clk 00:25:52]  [%emt 00:00:42]} 25. fxe4 {[%clk 00:41:21]  [%emt 00:04:24]}
25... g4 {[%clk 00:25:23]  [%emt 00:01:22]} 26. Kh1 {
[%clk 00:39:45]  [%emt 00:01:37]} 26... h5 {[%clk 00:09:23]  [%emt 00:16:28]}
27. f3 {[%clk 00:35:53]  [%emt 00:04:22]} 27... Qe5 {
[%clk 00:03:03]  [%emt 00:07:11]} 28. Bc1 {[%clk 00:30:40]  [%emt 00:05:33]}
28... Bh4 {[%clk 00:02:32]  [%emt 00:00:54]} 29. Bb2 {
[%clk 00:26:29]  [%emt 00:04:42]} 29... Qg5 {[%clk 00:02:09]  [%emt 00:01:05]}
30. Qe3 {[%clk 00:24:17]  [%emt 00:02:25]} 30... Qe7 {
[%clk 00:00:35]  [%emt 00:02:05]} 31. Qh6 {[%clk 00:22:42]  [%emt 00:02:05]}
31... Ne5 {[%clk 00:00:37]  [%emt 00:00:53]} 32. f4 {
[%clk 00:20:27]  [%emt 00:02:25]} 32... Rh7 {[%clk 00:00:42]  [%emt 00:00:22]}
33. Qe6+ {[%clk 00:20:23]  [%emt 00:01:06]} 33... Qxe6 {[%clk 00:01:03]} 34.
dxe6 {[%clk 00:20:43]  [%emt 00:00:04]} 34... Nxc4 {
[%clk 00:01:12]  [%emt 00:00:05]} 35. Re2 {[%clk 00:20:38]  [%emt 00:01:01]}
35... Nxb2 {[%clk 00:00:37]  [%emt 00:00:39]} 36. Rxb2 {
[%clk 00:21:06]  [%emt 00:00:04]} 36... Bf6 {[%clk 00:00:42]  [%emt 00:00:21]}
37. Rb3 {[%clk 00:21:03]  [%emt 00:00:32]} 37... h4 {
[%clk 00:00:50]  [%emt 00:00:21]} 38. a5 {[%clk 00:21:05]  [%emt 00:00:29]}
38... Bd4 {[%clk 00:01:06]  [%emt 00:00:22]} 39. Rd1 {
[%clk 00:20:41]  [%emt 00:00:46]} 39... Bf2 {[%clk 00:00:47]  [%emt 00:01:15]}
40. Kg2 {[%clk 00:20:24]  [%emt 00:00:23]} 40... g3 {
[%clk 00:01:08]  [%emt 00:00:09]} 41. hxg3 {[%clk 00:20:29]  [%emt 00:00:23]}
41... Bxg3 {[%clk 00:01:04]  [%emt 00:00:37]} 42. Rxg3+ {
[%clk 00:20:49]  [%emt 00:00:09]} 42... hxg3 {[%clk 00:01:27]  [%emt 00:00:11]}
43. Kxg3 {[%clk 00:21:14]} 43... Kf8 {[%clk 00:01:02]  [%emt 00:00:57]} 44. a6
{[%clk 00:20:41]  [%emt 00:01:00]} 44... Rh8 {[%clk 00:00:32]  [%emt 00:01:00]}
45. Rc1 {[%clk 00:20:26]  [%emt 00:00:45]} 45... Ke7 {
[%clk 00:00:36]  [%emt 00:00:26]} 46. Rxc7+ {[%clk 00:20:30]  [%emt 00:00:28]}
46... Kxe6 {[%clk 00:01:05]  [%emt 00:00:04]} 47. a7 {
[%clk 00:20:43]  [%emt 00:00:28]} 1-0

[Event "V Open Escacs Xàtiva"]
[Site "Xàtiva, Spain"]
[Date "2019.07.17"]
[Round "4.11"]
[White "Camison Zornoza, Cesar"]
[Black "Ulla Centelles, Llorens"]
[Result "1-0"]
[WhiteElo "1872"]
[BlackElo "1274"]
[PlyCount "25"]
[EventDate "2019.??.??"]

1. e4 {[%clk 01:30:56]  [%emt 00:00:04]} 1... e5 {
[%clk 01:30:44]  [%emt 00:00:12]} 2. Nf3 {[%clk 01:31:23]  [%emt 00:00:08]}
2... d6 {[%clk 01:30:48]  [%emt 00:00:16]} 3. d4 {
[%clk 01:31:30]  [%emt 00:00:32]} 3... exd4 {[%clk 01:30:59]  [%emt 00:00:16]}
4. Bc4 {[%clk 01:30:54]  [%emt 00:01:09]} 4... Bg4 {
[%clk 01:30:20]  [%emt 00:00:59]} 5. c3 {[%clk 01:30:42]  [%emt 00:00:52]} 5...
dxc3 {[%clk 01:30:34]  [%emt 00:00:15]} 6. Qb3 {
[%clk 01:30:48]  [%emt 00:00:25]} 6... Qe7 {[%clk 01:30:34]  [%emt 00:00:18]}
7. Nxc3 {[%clk 01:31:00]  [%emt 00:00:30]} 7... c6 {
[%clk 01:30:36]  [%emt 00:00:19]} 8. Bg5 {[%clk 01:29:50]  [%emt 00:01:49]}
8... Nf6 {[%clk 01:30:21]  [%emt 00:00:32]} 9. O-O-O {
[%clk 01:28:39]  [%emt 00:01:53]} 9... Nbd7 {[%clk 01:30:13]  [%emt 00:00:29]}
10. Qxb7 {[%clk 01:27:13]  [%emt 00:02:06]} 10... Qd8 {
[%clk 01:29:44]  [%emt 00:00:48]} 11. e5 {[%clk 01:20:32]  [%emt 00:07:21]}
11... Nxe5 {[%clk 01:29:52]  [%emt 00:00:15]} 12. Nxe5 {
[%clk 01:20:33]  [%emt 00:00:36]} 12... Bxd1 {[%clk 01:30:08]  [%emt 00:00:08]}
13. Qxf7# {[%emt 00:00:12]} 1-0

[Event "V Open Escacs Xàtiva"]
[Site "Xàtiva, Spain"]
[Date "2019.07.17"]
[Round "4.12"]
[White "Fernandez Sanchez, Vicente"]
[Black "Soriano Pallas, Rafael"]
[Result "0-1"]
[WhiteElo "1703"]
[BlackElo "1839"]
[PlyCount "76"]
[EventDate "2019.??.??"]

1. d4 {[%clk 01:30:49]  [%emt 00:00:10]} 1... Nf6 {
[%clk 01:30:45]  [%emt 00:00:16]} 2. c4 {[%clk 01:30:50]  [%emt 00:00:28]} 2...
g6 {[%clk 01:30:50]  [%emt 00:00:26]} 3. g3 {[%clk 01:30:51]  [%emt 00:00:28]}
3... Bg7 {[%clk 01:30:55]  [%emt 00:00:25]} 4. Bg2 {
[%clk 01:31:02]  [%emt 00:00:19]} 4... d5 {[%clk 01:30:34]  [%emt 00:00:52]} 5.
Nf3 {[%clk 01:30:32]  [%emt 00:01:00]} 5... O-O {
[%clk 01:27:57]  [%emt 00:03:06]} 6. cxd5 {[%clk 01:29:10]  [%emt 00:01:52]}
6... Nxd5 {[%clk 01:27:19]  [%emt 00:01:09]} 7. e4 {
[%clk 01:28:44]  [%emt 00:00:55]} 7... Nb6 {[%clk 01:26:42]  [%emt 00:01:08]}
8. O-O {[%clk 01:28:04]  [%emt 00:01:08]} 8... Bg4 {
[%clk 01:24:14]  [%emt 00:02:58]} 9. e5 {[%clk 01:23:47]  [%emt 00:04:47]} 9...
c6 {[%clk 01:13:50]  [%emt 00:10:54]} 10. Nbd2 {
[%clk 01:19:58]  [%emt 00:04:18]} 10... Na6 {[%clk 01:09:09]  [%emt 00:05:13]}
11. h3 {[%clk 01:16:47]  [%emt 00:03:40]} 11... Be6 {
[%clk 01:08:20]  [%emt 00:01:20]} 12. Ne4 {[%clk 01:13:32]  [%emt 00:03:45]}
12... h6 {[%clk 01:03:07]  [%emt 00:05:43]} 13. b3 {
[%clk 01:10:59]  [%emt 00:03:02]} 13... Qd7 {[%clk 01:02:08]  [%emt 00:01:29]}
14. Nc5 {[%clk 01:05:24]  [%emt 00:06:05]} 14... Nxc5 {
[%clk 01:01:37]  [%emt 00:01:02]} 15. dxc5 {[%clk 01:05:17]  [%emt 00:00:36]}
15... Rad8 {[%clk 00:57:59]  [%emt 00:04:08]} 16. Bb2 {
[%clk 01:00:33]  [%emt 00:05:14]} 16... Nd5 {[%clk 00:54:51]  [%emt 00:03:39]}
17. Kh2 {[%clk 00:59:16]  [%emt 00:01:46]} 17... Qc7 {
[%clk 00:53:21]  [%emt 00:02:00]} 18. Qe2 {[%clk 00:53:33]  [%emt 00:06:13]}
18... Rd7 {[%clk 00:44:16]  [%emt 00:09:36]} 19. Nd4 {
[%clk 00:49:55]  [%emt 00:04:07]} 19... Qxe5 {[%clk 00:43:18]  [%emt 00:01:29]}
20. Qxe5 {[%clk 00:49:05]  [%emt 00:01:19]} 20... Bxe5 {
[%clk 00:43:34]  [%emt 00:00:14]} 21. Nxe6 {[%clk 00:48:18]  [%emt 00:01:18]}
21... Bxb2 {[%clk 00:41:40]  [%emt 00:02:24]} 22. Nxf8 {
[%clk 00:48:06]  [%emt 00:00:41]} 22... Kxf8 {[%clk 00:42:03]  [%emt 00:00:08]}
23. Rad1 {[%clk 00:39:06]  [%emt 00:09:27]} 23... Ba3 {
[%clk 00:40:18]  [%emt 00:02:15]} 24. Bxd5 {[%clk 00:38:09]  [%emt 00:01:26]}
24... cxd5 {[%clk 00:40:01]  [%emt 00:00:48]} 25. Kg2 {
[%clk 00:33:58]  [%emt 00:04:40]} 25... Bxc5 {[%clk 00:40:17]  [%emt 00:00:15]}
26. Rd2 {[%clk 00:32:55]  [%emt 00:01:31]} 26... e5 {
[%clk 00:39:45]  [%emt 00:01:03]} 27. Rc1 {[%clk 00:29:46]  [%emt 00:03:39]}
27... b6 {[%clk 00:39:02]  [%emt 00:01:14]} 28. Rcd1 {
[%clk 00:28:54]  [%emt 00:01:21]} 28... d4 {[%clk 00:39:15]  [%emt 00:00:18]}
29. Re2 {[%clk 00:27:23]  [%emt 00:02:01]} 29... Re7 {
[%clk 00:37:35]  [%emt 00:02:10]} 30. f4 {[%clk 00:25:32]  [%emt 00:02:21]}
30... e4 {[%clk 00:36:00]  [%emt 00:02:05]} 31. b4 {
[%clk 00:20:29]  [%emt 00:05:33]} 31... d3 {[%clk 00:34:41]  [%emt 00:01:49]}
32. bxc5 {[%clk 00:17:48]  [%emt 00:03:11]} 32... dxe2 {
[%clk 00:34:17]  [%emt 00:00:54]} 33. Re1 {[%clk 00:16:49]  [%emt 00:01:29]}
33... bxc5 {[%clk 00:34:26]  [%emt 00:00:22]} 34. f5 {
[%clk 00:14:51]  [%emt 00:02:28]} 34... gxf5 {[%clk 00:33:02]  [%emt 00:01:54]}
35. Kf2 {[%clk 00:14:57]  [%emt 00:00:22]} 35... Rd7 {
[%clk 00:30:40]  [%emt 00:02:53]} 36. Rxe2 {[%clk 00:14:36]  [%emt 00:00:51]}
36... Rd3 {[%clk 00:28:29]  [%emt 00:02:41]} 37. Rc2 {
[%clk 00:14:28]  [%emt 00:00:37]} 37... Rd5 {[%clk 00:26:47]  [%emt 00:02:13]}
38. Ke3 {[%clk 00:14:09]  [%emt 00:00:48]} 38... Ke7 {
[%clk 00:25:06]  [%emt 00:02:12]} 0-1

[Event "V Open Escacs Xàtiva"]
[Site "Xàtiva, Spain"]
[Date "2019.07.17"]
[Round "4.13"]
[White "Morant Gomar, Sergio"]
[Black "Reig Albero, Ferran"]
[Result "0-1"]
[WhiteElo "1653"]
[BlackElo "1946"]
[PlyCount "64"]
[EventDate "2019.??.??"]

1. c4 {[%clk 01:30:57]  [%emt 00:00:02]} 1... Nf6 {
[%clk 01:30:18]  [%emt 00:00:43]} 2. Nc3 {[%clk 01:31:08]  [%emt 00:00:18]}
2... e6 {[%clk 01:30:40]  [%emt 00:00:08]} 3. Nf3 {
[%clk 01:30:58]  [%emt 00:00:40]} 3... d5 {[%emt 00:00:28]} 4. cxd5 {
[%emt 00:00:18]} 4... exd5 {[%emt 00:00:09]} 5. e3 {
[%clk 01:28:29]  [%emt 00:02:16]} 5... Be7 {[%clk 01:26:21]  [%emt 00:05:07]}
6. g3 {[%clk 01:25:47]  [%emt 00:03:13]} 6... c6 {
[%clk 01:23:28]  [%emt 00:03:23]} 7. Bg2 {[%clk 01:25:36]  [%emt 00:00:40]}
7... Bf5 {[%clk 01:19:52]  [%emt 00:04:05]} 8. O-O {
[%clk 01:23:06]  [%emt 00:03:00]} 8... Nbd7 {[%clk 01:10:49]  [%emt 00:09:34]}
9. d4 {[%clk 01:20:20]  [%emt 00:03:16]} 9... Ne4 {
[%clk 01:03:03]  [%emt 00:08:16]} 10. a3 {[%clk 01:13:09]  [%emt 00:07:42]}
10... O-O {[%clk 01:01:59]  [%emt 00:01:34]} 11. Bd2 {
[%clk 01:05:49]  [%emt 00:07:50]} 11... Re8 {[%clk 01:00:53]  [%emt 00:01:36]}
12. b4 {[%clk 01:05:57]  [%emt 00:00:22]} 12... b5 {
[%clk 00:59:13]  [%emt 00:02:11]} 13. Ne5 {[%clk 00:55:52]  [%emt 00:10:34]}
13... Nxe5 {[%clk 00:52:45]  [%emt 00:06:58]} 14. dxe5 {
[%clk 00:56:20]  [%emt 00:00:03]} 14... Nxd2 {[%clk 00:47:42]  [%emt 00:05:33]}
15. Qxd2 {[%clk 00:56:46]  [%emt 00:00:03]} 15... a5 {
[%clk 00:47:34]  [%emt 00:00:38]} 16. Ne2 {[%clk 00:52:46]  [%emt 00:04:30]}
16... Qb6 {[%clk 00:42:18]  [%emt 00:05:45]} 17. Nd4 {
[%clk 00:43:55]  [%emt 00:09:22]} 17... Bd7 {[%clk 00:42:31]  [%emt 00:00:17]}
18. Nb3 {[%clk 00:44:00]  [%emt 00:00:25]} 18... axb4 {
[%clk 00:38:27]  [%emt 00:04:32]} 19. axb4 {[%clk 00:43:53]  [%emt 00:00:35]}
19... Ra4 {[%clk 00:38:24]  [%emt 00:00:35]} 20. Rxa4 {
[%clk 00:37:14]  [%emt 00:07:10]} 20... bxa4 {[%clk 00:38:45]  [%emt 00:00:08]}
21. Nc5 {[%clk 00:36:46]  [%emt 00:00:58]} 21... Bxc5 {
[%clk 00:38:31]  [%emt 00:00:44]} 22. bxc5 {[%clk 00:37:10]  [%emt 00:00:03]}
22... Qxc5 {[%clk 00:38:44]  [%emt 00:00:20]} 23. Rc1 {
[%clk 00:35:59]  [%emt 00:01:39]} 23... Qe7 {[%clk 00:35:51]  [%emt 00:03:24]}
24. Qd4 {[%clk 00:32:27]  [%emt 00:04:04]} 24... Ra8 {
[%clk 00:33:21]  [%emt 00:02:59]} 25. e4 {[%clk 00:30:28]  [%emt 00:02:30]}
25... dxe4 {[%clk 00:32:38]  [%emt 00:01:13]} 26. Bxe4 {
[%clk 00:30:33]  [%emt 00:00:24]} 26... a3 {[%clk 00:30:42]  [%emt 00:02:27]}
27. Bxc6 {[%clk 00:24:39]  [%emt 00:06:23]} 27... Rc8 {
[%clk 00:27:02]  [%emt 00:04:10]} 28. Qa4 {[%clk 00:22:58]  [%emt 00:02:11]}
28... Qxe5 {[%clk 00:23:48]  [%emt 00:03:44]} 29. Qxa3 {
[%clk 00:20:28]  [%emt 00:03:00]} 29... Rxc6 {[%clk 00:23:15]  [%emt 00:01:03]}
30. Rd1 {[%clk 00:17:26]  [%emt 00:03:31]} 30... Be8 {
[%clk 00:21:46]  [%emt 00:01:59]} 31. Qa8 {[%clk 00:16:44]  [%emt 00:01:11]}
31... Rc2 {[%clk 00:20:22]  [%emt 00:01:53]} 32. Qa4 {
[%clk 00:11:14]  [%emt 00:06:01]} 32... Bxa4 {[%clk 00:20:37]  [%emt 00:00:17]}
0-1

[Event "V Open Escacs Xàtiva"]
[Site "Xàtiva, Spain"]
[Date "2019.07.17"]
[Round "4.14"]
[White "Megias Chafer, Alejandro"]
[Black "Garcia Martin, Javier Antonio"]
[Result "1-0"]
[WhiteElo "2119"]
[BlackElo "1606"]
[PlyCount "69"]
[EventDate "2019.??.??"]

1. d4 {[%clk 01:29:14]  [%emt 00:01:44]} 1... f5 {
[%clk 01:30:23]  [%emt 00:00:38]} 2. g3 {[%clk 01:29:28]  [%emt 00:00:17]} 2...
Nf6 {[%clk 01:30:45]  [%emt 00:00:07]} 3. Bg2 {[%clk 01:29:53]  [%emt 00:00:05]
} 3... g6 {[%clk 01:31:06]  [%emt 00:00:10]} 4. c4 {
[%clk 01:30:10]  [%emt 00:00:12]} 4... d6 {[%clk 01:31:18]  [%emt 00:00:18]} 5.
Nc3 {[%clk 01:30:25]  [%emt 00:00:15]} 5... Bg7 {
[%clk 01:31:40]  [%emt 00:00:08]} 6. Bg5 {[%clk 01:28:28]  [%emt 00:02:27]}
6... Nbd7 {[%clk 01:31:50]  [%emt 00:00:20]} 7. Qd2 {
[%clk 01:28:31]  [%emt 00:00:27]} 7... O-O {[%clk 01:31:08]  [%emt 00:01:12]}
8. Bh6 {[%clk 01:27:43]  [%emt 00:01:18]} 8... Qe8 {
[%clk 01:31:12]  [%emt 00:00:26]} 9. Bxg7 {[%clk 01:27:34]  [%emt 00:00:40]}
9... Kxg7 {[%clk 01:31:40]  [%emt 00:00:02]} 10. Nb5 {
[%clk 01:26:39]  [%emt 00:01:25]} 10... Qd8 {[%clk 01:31:00]  [%emt 00:01:10]}
11. d5 {[%clk 01:24:28]  [%emt 00:02:41]} 11... Nc5 {
[%clk 01:26:56]  [%emt 00:04:33]} 12. Nh3 {[%clk 01:22:45]  [%emt 00:02:13]}
12... e5 {[%clk 01:21:48]  [%emt 00:05:38]} 13. dxe6 {
[%clk 01:22:05]  [%emt 00:01:11]} 13... Nxe6 {[%clk 01:14:34]  [%emt 00:07:44]}
14. O-O {[%clk 01:20:35]  [%emt 00:02:00]} 14... a6 {
[%clk 01:09:37]  [%emt 00:05:28]} 15. Nc3 {[%clk 01:19:07]  [%emt 00:01:57]}
15... Rb8 {[%clk 01:09:08]  [%emt 00:00:58]} 16. Rfd1 {
[%clk 01:17:55]  [%emt 00:01:43]} 16... b6 {[%clk 01:01:23]  [%emt 00:08:15]}
17. Rac1 {[%clk 01:16:20]  [%emt 00:02:04]} 17... Bb7 {
[%clk 01:01:20]  [%emt 00:00:33]} 18. Nd5 {[%clk 01:16:31]  [%emt 00:00:19]}
18... b5 {[%clk 00:50:32]  [%emt 00:11:17]} 19. Nhf4 {
[%clk 01:09:00]  [%emt 00:08:02]} 19... Nxf4 {[%emt 00:03:56]} 20. Nxf4 {
[%emt 00:00:18]} 20... Re8 {[%clk 00:41:08]  [%emt 00:05:41]} 21. Bxb7 {
[%clk 01:01:37]  [%emt 00:07:53]} 21... Rxb7 {[%clk 00:40:25]  [%emt 00:01:12]}
22. c5 {[%clk 01:01:54]  [%emt 00:00:13]} 22... Ne4 {
[%clk 00:24:14]  [%emt 00:16:39]} 23. Qd4+ {[%clk 01:00:34]  [%emt 00:01:50]}
23... Qf6 {[%clk 00:21:53]  [%emt 00:02:51]} 24. Qxf6+ {
[%clk 01:00:21]  [%emt 00:00:43]} 24... Kxf6 {[%clk 00:22:21]  [%emt 00:00:02]}
25. cxd6 {[%clk 01:00:33]  [%emt 00:00:18]} 25... cxd6 {
[%clk 00:10:01]  [%emt 00:12:50]} 26. f3 {[%clk 01:00:44]  [%emt 00:00:19]}
26... Ng5 {[%clk 00:09:52]  [%emt 00:00:39]} 27. Rxd6+ {
[%clk 01:00:44]  [%emt 00:00:30]} 27... Kf7 {[%clk 00:08:30]  [%emt 00:01:52]}
28. Rcc6 {[%clk 00:59:55]  [%emt 00:01:18]} 28... Rbe7 {
[%clk 00:04:55]  [%emt 00:04:06]} 29. Rxa6 {[%clk 01:00:07]  [%emt 00:00:19]}
29... Ne6 {[%clk 00:03:42]  [%emt 00:01:42]} 30. Nxe6 {
[%clk 01:00:25]  [%emt 00:00:12]} 30... Rxe6 {[%clk 00:04:03]  [%emt 00:00:03]}
31. Rxe6 {[%clk 01:00:53]  [%emt 00:00:07]} 31... Rxe6 {
[%clk 00:04:28]  [%emt 00:00:06]} 32. Rxe6 {[%clk 01:01:19]  [%emt 00:00:03]}
32... Kxe6 {[%clk 00:04:56]} 33. Kf2 {[%clk 01:01:36]  [%emt 00:00:13]} 33...
Ke5 {[%clk 00:05:07]  [%emt 00:00:20]} 34. Ke3 {
[%clk 01:01:59]  [%emt 00:00:07]} 34... h6 {[%clk 00:05:16]  [%emt 00:00:21]}
35. Kd3 {[%clk 01:02:14]  [%emt 00:00:14]} 1-0

[Event "V Open Escacs Xàtiva"]
[Site "Xàtiva, Spain"]
[Date "2019.07.17"]
[Round "4.15"]
[White "Galindo Montoya, Diego"]
[Black "Porras Boronat, German"]
[Result "1-0"]
[WhiteElo "1905"]
[BlackElo "1463"]
[PlyCount "66"]
[EventDate "2019.??.??"]

1. c4 {[%clk 01:28:54]} 1... c5 {[%clk 01:30:45]  [%emt 00:00:37]} 2. Nc3 {
[%clk 01:29:15]} 2... g6 {[%clk 01:30:48]  [%emt 00:00:13]} 3. g3 {
[%clk 01:29:38]  [%emt 00:00:28]} 3... Bg7 {[%clk 01:30:53]  [%emt 00:00:08]}
4. Bg2 {[%clk 01:30:01]  [%emt 00:00:05]} 4... Nc6 {
[%clk 01:30:55]  [%emt 00:00:26]} 5. d3 {[%clk 01:30:16]  [%emt 00:01:00]} 5...
e6 {[%clk 01:28:10]  [%emt 00:02:31]} 6. e4 {[%clk 01:30:10]  [%emt 00:00:48]}
6... Nge7 {[%clk 01:27:27]  [%emt 00:00:58]} 7. Nge2 {
[%clk 01:30:22]  [%emt 00:00:19]} 7... O-O {[%clk 01:27:23]  [%emt 00:00:35]}
8. O-O {[%clk 01:30:02]  [%emt 00:01:30]} 8... Rb8 {
[%clk 01:22:40]  [%emt 00:04:35]} 9. a3 {[%clk 01:30:12]  [%emt 00:00:18]} 9...
a6 {[%clk 01:21:40]  [%emt 00:01:30]} 10. Rb1 {[%clk 01:30:30]  [%emt 00:00:14]
} 10... b5 {[%clk 01:13:24]  [%emt 00:08:43]} 11. cxb5 {
[%clk 01:30:44]  [%emt 00:00:19]} 11... axb5 {[%clk 01:13:46]  [%emt 00:00:08]}
12. b4 {[%clk 01:31:01]  [%emt 00:00:15]} 12... cxb4 {
[%clk 01:12:34]  [%emt 00:01:37]} 13. axb4 {[%clk 01:31:20]  [%emt 00:00:13]}
13... Nd4 {[%clk 01:05:42]  [%emt 00:07:20]} 14. Nxd4 {
[%clk 01:26:44]  [%emt 00:05:44]} 14... Bxd4 {[%clk 01:05:57]} 15. Ne2 {
[%clk 01:26:52]  [%emt 00:00:03]} 15... Bg7 {[%clk 01:01:11]  [%emt 00:05:13]}
16. d4 {[%clk 01:23:03]  [%emt 00:04:18]} 16... d6 {
[%clk 00:50:39]  [%emt 00:11:23]} 17. Be3 {[%clk 01:15:08]  [%emt 00:08:04]}
17... Nc6 {[%clk 00:34:40]  [%emt 00:16:32]} 18. Qd2 {
[%clk 01:11:36]  [%emt 00:04:08]} 18... Bb7 {[%clk 00:30:28]  [%emt 00:04:33]}
19. Rfc1 {[%clk 01:06:09]  [%emt 00:05:57]} 19... Qd7 {
[%clk 00:26:03]  [%emt 00:04:55]} 20. Bh6 {[%clk 00:55:34]  [%emt 00:11:30]}
20... Rfc8 {[%clk 00:22:33]  [%emt 00:03:33]} 21. Bxg7 {
[%clk 00:55:50]  [%emt 00:00:18]} 21... Kxg7 {[%clk 00:22:57]  [%emt 00:00:08]}
22. h4 {[%clk 00:50:07]  [%emt 00:06:06]} 22... Ne7 {
[%clk 00:19:05]  [%emt 00:04:22]} 23. h5 {[%clk 00:49:15]  [%emt 00:01:25]}
23... d5 {[%clk 00:17:38]  [%emt 00:01:55]} 24. h6+ {
[%clk 00:47:18]  [%emt 00:02:26]} 24... Kf8 {[%clk 00:17:45]  [%emt 00:00:24]}
25. e5 {[%clk 00:46:58]  [%emt 00:01:13]} 25... Rxc1+ {
[%clk 00:16:41]  [%emt 00:01:12]} 26. Rxc1 {[%clk 00:45:25]  [%emt 00:02:08]}
26... Rc8 {[%clk 00:16:41]  [%emt 00:00:25]} 27. Rc5 {
[%clk 00:45:18]  [%emt 00:01:38]} 27... Rxc5 {[%clk 00:14:42]  [%emt 00:01:26]}
28. bxc5 {[%clk 00:44:16]  [%emt 00:01:55]} 28... Nc6 {
[%clk 00:14:38]  [%emt 00:00:15]} 29. Nf4 {[%clk 00:36:07]  [%emt 00:08:35]}
29... Qd8 {[%clk 00:13:39]  [%emt 00:01:28]} 30. Nh3 {
[%clk 00:34:55]  [%emt 00:01:50]} 30... b4 {[%clk 00:06:46]  [%emt 00:07:31]}
31. Bf1 {[%clk 00:34:29]  [%emt 00:00:56]} 31... Qa5 {
[%clk 00:05:14]  [%emt 00:01:46]} 32. Qf4 {[%clk 00:32:09]  [%emt 00:02:54]}
32... Qd8 {[%clk 00:05:18]  [%emt 00:00:24]} 33. Ng5 {
[%clk 00:31:42]  [%emt 00:00:55]} 33... Kg8 {[%clk 00:03:33]  [%emt 00:02:16]}
1-0